000 00333 a2200157 4500
001 191006
020 _a978-85-8251-005-6
040 _cMagnum
100 _aÍndigo
240 1 0 _aUm pinguim tupiniquim
_lpor
245 1 0 _aUm pinguim tupiniquim
300 _a176
362 0 _a2013
697 _aLITERATURA JUVENIL
942 _cBK
999 _c191006
_d191006